000
00208 a2200097 4500
001
27437
100
_a
Raman, K V
245
_a
The ways of the peacemaker
260
_a
_b
Unitar
_c
1975
090
_c
18231
_d
18231
942
_a
NUST-CAE
_c
M
_c
9149
999
_c
262510
_d
262510